Μελετήματα γιά τον Χαλεπά και την εποχή του
Αποθηκεύτηκε σε:
| Άλλοι συγγραφείς: | |
|---|---|
| Μορφή: | Βιβλίο |
| Γλώσσα: | Greek |
| Δημοσίευση: |
Αθήνα :
Ερίννη,
2006.
|
| Σειρά: | Χθες - Σήμερα - Αύριο ;
51 |
| Θέματα: | |
| Ετικέτες: |
Προσθήκη ετικέτας
Δεν υπάρχουν, Καταχωρήστε ετικέτα πρώτοι!
|
MARC
| LEADER | 00000cam a2200000 i 4500 | ||
|---|---|---|---|
| 001 | 1/84116 | ||
| 008 | 080508s2006 gr | ||| |||| ||gre|| | ||
| 035 | |l 10097108 | ||
| 040 | |a GR-MyUa |b gre |e AACR2 | ||
| 041 | 0 | |a gre | |
| 082 | 7 | |a 700.92 |2 (22) | |
| 245 | 0 | 0 | |a Μελετήματα γιά τον Χαλεπά και την εποχή του / |c επιλογή και επιμέλεια κειμένων: Στρατής Γ. Φιλιππότης. |
| 260 | |a Αθήνα : |b Ερίννη, |c 2006. | ||
| 300 | |a 205 σ. : |b εικ. ; |c 24 εκ. | ||
| 490 | 1 | |a (Χθες - Σήμερα - Αύριο ; |v 51) | |
| 504 | |a Βιβλιογραφία: σ. 205. | ||
| 600 | 1 | 0 | |a Χαλεπάς, Γιαννούλης, |d 1851-1938. |
| 650 | 0 | |a Sculptors |z Greece |z Tenos (Municipality) |x Biography. | |
| 700 | 1 | |a Φιλιππότης, Στρατής Γ., |d 1933-2019, |e edt | |
| 830 | 0 | |a Χθες - Σήμερα - Αύριο ; |v 51 | |
| 852 | |a INST |b SYROS |c KYK |e 20080508 |h 700.92 ΧΑΛ |p 005500006032 |q 005500006032 |t BK |y 0 | ||
| 901 | |a BIBL5-2008-2 | ||
| 922 | |a 5ΕΛΗ |b 200708 |c ΕΠΕΑΕΚ2/ΤΜΣΠΣ |d Σ. Πατάκης | ||
| 970 | |a Κοντού |b Παρασκευή |z 08/05/2008 | ||